[Event "Turnier 40 / 120"]
[Site "Wien"]
[Date "2023.10.01"]
[Round "45"]
[White "Novag Star Diamond"]
[Black "Mephisto Lyon 68020"]
[Result "1/2-1/2"]
[WhiteElo "2161"]
[BlackElo "2172"]
[Annotator "Christian"]
[PlyCount "97"]
[EventDate "2023.??.??"]

{[%evp 0,42,14,10,57,59,81,43,43,59,42,38,60,41,55,53,59,61,53,40,53,48,79,67,78,64,68,63,57,63,63,54,83,61,81,69,75,71,61,75,75,75,69,59,54]} 1. e4 Nf6 {Runde 45: Aljechin Eröffnung / Eine wechselhafte Partie mit zahlenreichen teils gravierenden Fehlern beider Geräte in der Star Diamond klare Vorteile hat aber immer wieder den möglichen Sieg verspielt, am Ende einigen sich die beiden Geräten auf ein Remis durch 3x Stellungswiederholung, hier war mehr drinnen für Star Diamond. Stand: 24,0 : 21,0 ---> für Novag Star Diamond (53,33 %)} 2. e5 Nd5 3. d4 d6 4. Nf3 Bg4 5. Be2 e6 6. O-O Be7 7. c4 Nb6 8. Nc3 O-O 9. Be3 N8d7 10. b3 {Buchende} a5 {Buchende} 11. exd6 {Buchbewertung Novag Star Diamond: +0,34} cxd6 {Buchbewertung Mephisto Lyon 68020: -0,39 / lt. Stockfish 16 eine ganz schlechte Eröffnung von Schwarz ca. -1,20} 12. Qc2 Bh5 13. Rfe1 {etwas besser ist h3, Stockfish +0,80} h6 14. Nb5 Nf6 15. a4 Qc8 16. Rac1 Nbd7 $2 {ein schwacher Zug, zu bevorzugen ist Dd8, danach steht Weiss bereits klar besser, Stockfish -1,50} 17. Bf4 {besser ist d5, Stockfish +1,20} Ra6 18. Nd2 {weniger gut, besser ist h3, Stockfish +0,80} Bxe2 19. Rxe2 Nh5 20. Be3 Nhf6 21. Ne4 $2 {ein schwacher Zug, da gibt es jede Menge bessere Züge: Sf3, Dd1, Dd3, Lf4, Stockfish +0,50} d5 22. Nxf6+ Nxf6 23. Bf4 Qd7 24. h3 Nh5 25. Bd2 Nf6 26. c5 Qc6 27. Bf4 b6 $2 {[%mdl 2] ein Verlustzug, Stockfish -3,00, nötig war Se4 mit nur ca. -0,60} ({Light 5.1-avx2:} 27... Ne4 28. Be5 Rc8 29. Qd3 Qd7 30. g4 Bf6 31. Bh2 Be7 32. Kh1 Bh4 33. Rf1 Rcc6 34. f3 Nf6 35. Nd6 Ne8 36. Nxe8 Qxe8 37. f4 Ra8 38. Rg1 f6 39. f5 Qf7 40. Bd6 Re8 41. Qb5 e5 42. dxe5 fxe5 43. Rxe5 Rxe5 44. Bxe5 {[%eval 75,37] [%wdl 215,785,0]}) 28. cxb6 $4 {ein ganz schlechter Zug, der den Vorteil von Weiss mehr als halbiert, Stockfish +1,30, gewonnen hätte hier bereits Ld6} Qxb6 29. Qc7 $2 {nochmals ganz schwach, halbiert neuerlich den Vorteil von Weiss, Stockfish nur noch +0,60} Qxc7 {etwas besser ist Lb4, Stockfish -0,80} 30. Rxc7 Bb4 $2 {ein schwacher Zug, deutlich besser ist Ld8, Stockfish -1,30} 31. Rec2 h5 32. Be5 $2 {ein schwacher Zug, deutlich zu bevorzugen ist f3, Stockfish +0,80} Ne4 33. Bh2 $2 {ein sinnloser Zug, danach ist praktisch der gesamte Vorteil dahin, Stockfish +0,20, besser ist Tb7} Rd8 $2 {ein schlechter Zug, danach ist Weiss wieder im Vorteil, Stockfish -1,20, nötig war h4} 34. Na7 $2 {so aber nicht, verspielt gleich wieder den Grossteil des Vorteiles, Stockfish +0,20, die falsche Figur, der Turm muss nach a7} Rb6 $2 {ein Verlustzug, Stockfish -2,00, nötig war Ta8} 35. f3 Nf6 36. Be5 $2 {deutlich stärker ist Tc8, Stockfish +1,40} Ne8 37. Rc8 $4 {ein ganz schlechter Zug, der nahezu den gesamten Vorteil verspielt, Stockfish +0,40, nötig war T2c6 mit ca. +1,50} Rxc8 38. Rxc8 Kf8 39. Nc6 {besser ist h4, nach dem Textzug ist die Stellung bereits im Lot} f6 40. Bf4 Kf7 41. Kf2 h4 $2 {ein absoluter Verlustzug, danach ist die Partie sofort verloren, Stockfish -4,00, nötig war g5 und alles ist im Lot, leider verwirft Lyon 68020 diesen Zug im allerletzen Moment und sieht den Textzug um +0,03 besser, eine fatale Fehlentscheidung} 42. Ke2 $2 {aber auch Star Diamond greift wieder voll daneben und verschenkt gleich wieder den Sieg, nach dem Textzug ist die Partie Remis, Stockfish 0,00, gewonnen hätte Sd8+} g5 43. Be3 Nd6 44. Rc7+ Kg6 45. Ne7+ Kh6 46. Ng8+ Kg6 47. Ne7+ Kh6 48. Ng8+ Kg6 49. Ne7+ {Stellungswiederholung} 1/2-1/2

[Event "Turnier 40 / 120"]
[Site "Wien"]
[Date "2023.10.02"]
[Round "46"]
[White "Mephisto Lyon 68020"]
[Black "Novag Star Diamond"]
[Result "1-0"]
[WhiteElo "2172"]
[BlackElo "2161"]
[Annotator "Christian"]
[PlyCount "131"]
[EventDate "2023.??.??"]

{[%evp 0,131,25,16,10,27,11,8,15,2,3,-38,-45,-25,-12,-2,-2,-2,19,-20,18,-6,-7,-22,-12,-10,11,28,33,32,87,73,79,77,66,73,70,58,75,60,61,54,57,15,0,12,12,12,99,89,124,-4,7,0,15,2,1,13,15,15,19,19,24,0,0,0,15,7,6,0,0,0,0,-66,-4,0,32,27,42,22,26,39,39,42,44,4,1,15,27,27,65,57,71,93,101,94,113,103,110,123,132,98,145,78,98,127,123,123,97,99,133,145,141,170,156,165,171,210,197,203,214,161,159,192,208,182,364,399,394,389,394,404,404,409]} 1. e4 e5 {Runde 46: Spanisch, Wormald Angriff / Mephisto Lyon 68020 verpasst zunächst einen möglichen Bauerngewinn mit klar vorteilhafter Stellung und in weiterer Folge vergibt er dann die Chance eines möglichen Qualitätsgewinnes, der die Partie bereits zu seinen Gunsten entschieden hätte, nach diesen verpassten Gelegenheiten verläuft die Partie bis zum Endspiel ausgeglichen, dieses überfordert dann beide Geräte hoffnungslos, was hier abgeht kann man nur noch mit Humor nehmen sonst würde das eine Partie sein, die einem wirklich die Freude verdirbt an diesem Hobby, einfach absurd was hier abgeht. Am Ende gewinnt Lyon 68020 mit viel Glück, da sein Gegner einfach den letzten Fehler macht. Stand: 24,0 : 22,0 ---> für Novag Star Diamond (52,17 %)} 2. Nf3 Nc6 3. Bb5 a6 4. Ba4 Nf6 5. Qe2 b5 6. Bb3 Bc5 7. a4 Rb8 8. axb5 axb5 9. Nc3 O-O 10. O-O b4 11. Nd5 d6 12. Ne3 Bb7 {Buchende} 13. d3 {Buchende} Ra8 {Buchbewertung Novag Star Diamond: -0,38} 14. Bd2 {Buchbewertung Mephisto Lyon 68020: +0,12 / lt. Stockfish steht Weiss um eine Nuance besser mit ca. +0,20} Nd4 {besser ist Tb8, Stockfish -0,50} 15. Nxd4 Bxd4 $2 {ein ganz schlechter Zug, danach verliert Schwarz bereits den B-Bauern und Weiss steht klar besser, Stockfish -1,60, nötig war Txa1} 16. Bxb4 $2 {so gewinnt Weiss keinen Bauern, verpasst den klaren Vorteil, der mit Txa8 ! zu haben war, der Textzug verschenkt nahezu den gesamten Vorteil, Stockfish +0,20} Rxa1 17. Rxa1 Bxb2 18. Ra2 Bd4 19. Nf5 Bb6 20. Qf3 g6 21. Nh6+ Kg7 22. Bd2 d5 23. exd5 Bxd5 $4 {ein Verlustzug, Stockfish -1,80, nötig war Sxd5 und alles ist im Lot} ({Stockfish dev-20230922-70ba9de8:} 23... Nxd5 24. Ng4 Ne3 25. Qh3 Nxg4 26. Qxg4 f5 27. Qg5 Qxg5 28. Bxg5 f4 29. Be7 Re8 30. Bb4 Kf6 31. h3 h5 32. Ba5 Ra8 33. Bc3 Rxa2 34. Bxa2 h4 35. Bb3 f3 36. gxf3 Bxf3 37. Bd2 c6 38. Bc4 g5 39. Ba6 Bd1 40. c3 g4 41. hxg4 {[%eval -4,34] [%wdl 3,992,5]}) 24. Bxd5 Qxd5 $2 {deutlich besser ist noch Sxd5 mit ca. -1,50, nach dem Textzug ist bereits alles verloren, Stockfish -2,30} 25. Qxd5 $2 {ein Katastrophenzug, der auf einen Schlag den gesamten Vorteil verschenkt, Stockfish 0,00, nach 25. Sg4 !! hätte Weiss in der Folge die Qualität und damit die Partie gewonnen, da er auf h6 ,mit dem Läufer zum Schach kommt und den Turm F8 abkassiert.} Nxd5 26. Ng4 Rb8 27. g3 f6 28. Kg2 Kf7 29. Ne3 Ke6 30. Ra6 Rb7 31. c4 Ne7 32. Ba5 Kf7 33. Bxb6 cxb6 34. f4 exf4 35. gxf4 b5 36. Kf3 b4 {trotz der 2 geschlossenen Freibauern von Weiss ist die Stellung Remis, Stockfish 0,00} 37. Ra2 b3 38. Rb2 Nc6 39. Ke2 Ra7 40. Kd2 Ra2 41. Kc3 Nd4 42. Nd1 Ne6 43. Kxb3 Ra1 $4 {ein ganz schlechter Zug, danach ist Weiss klar im Vorteil, Stockfish -1,50, nötig war Txb2 und alles ist im Lot} 44. Rd2 Nxf4 $4 {ein Verlustzug, danach ist die Partie bereits klar verloren, Stockfish -3,50, deutlich mehr Widerstand leistet noch Sd4+} 45. d4 {besser ist Sc3, aber völlig ausreichend, Stockfish +3,00} Ke6 $2 {ein schlechter Zug deutlich mehr Widerstand leistet noch Tb1+, Stockfish -4,20} 46. d5+ Kd6 47. Nc3 Rh1 48. Kb4 Rc1 49. c5+ Kc7 50. Ne4 {besser ist Sb5+, gewinnt aber natürlich auch, Stockfish +3,50} Rb1+ $2 {weit schwächer als f5, Stockfish -5,00} 51. Ka3 $2 {besser ist natürlich Kc4, aber hier gewinnt praktisch schon jede halbwegs plausible Fortsetzung, Stockfish +4,00} Rc1 52. d6+ Kd8 53. Kb4 f5 54. Nf6 Rb1+ 55. Kc4 Rc1+ 56. Kb5 Ne6 57. c6 f4 58. Nxh7 f3 59. Nf6 $2 {ein schwacher Zug, der ca. 1,5 Bauerneinheiten einbüsst gegenüber c7+, dennoch steht Weiss klar auf Gewinn, Stockfish +3,50} g5 60. Ne4 Kc8 $4 {ein ganz schlechter Zug, deutlich mehr Widerstand leistet noch f2, Stockfish -6,00} 61. c7 $2 {eindeutig der falsche Bauer, deutlich stärker ist d7+, ändert aber nichts an der klaren Gewinnstellung von Weiss, Stockfish +5,00} Kb7 62. Nxg5 $2 {was für ein MEGABOCK, der auf einen Schlag den Sieg verschenkt, praktisch der einzige Zug der nicht gewinnt unfassbar, Stockfish 0,00, fast jeder andere Zug gewinnt z.B. Kb4, Tb2, h3 usw..} Nxg5 $2 {also was hier geboten wird ist einfach ein Irrsinn, Star Diamond verwirft im letzten Moment den Rettungsanker Tc5+ danach wäre die Partie Remis, nach diesem absoluten WAHNSINNSZUG kann man den Stecker ziehen, Stockfish Matt in 51 !!!} 63. d7 f2 64. c8=Q+ Rxc8 65. dxc8=Q+ Kxc8 66. Rxf2 {Rest geschenkt} 1-0

[Event "Turnier 40 / 120"]
[Site "Wien"]
[Date "2023.10.02"]
[Round "47"]
[White "Novag Star Diamond"]
[Black "Mephisto Lyon 68020"]
[Result "0-1"]
[WhiteElo "2161"]
[BlackElo "2172"]
[Annotator "Christian"]
[PlyCount "72"]
[EventDate "2023.??.??"]

{[%evp 0,31,29,19,23,4,6,6,35,36,63,64,85,76,127,90,131,100,90,80,70,46,43,44,53,29,64,-33,-37,-84,-78,-125,-136,-135]} 1. d4 Nf6 {Runde 47: Benoni / Eine ereignisreiche Partie für die eine Kurzbeschreibung nicht möglich ist, das kann man sich nur als Ganzes ansehen. Eine Partie auf ganz schlechtem Niveau beider Geräte mit zahlenreichen wechselseitigen Fehlern, das erinnert mehr an ein Glücksspiel als ein Strategiespiel was hier abgeht. Letztlich gewinnt ich sage absichtlich nicht der Bessere, sondern der weniger schlechte Lyon 68020, der Wettkampf wird für mich doch etwas überraschend nochmals spannend. Lyon 68020 macht 4,5 Punkte aus den letzten 5 Runden. Stand: 24,0 : 23,0 ---> für Novag Star Diamond (51,06 %)} 2. c4 e6 3. Nf3 c5 4. d5 exd5 5. cxd5 d6 6. Nc3 g6 7. Bf4 a6 {Buchende} 8. e4 b5 {Buchbewertung Mephisto Lyon 68020: -0,48} 9. Qe2 $2 {Buchfehler ?, deutlich besser ist h3 oder Ld3} Be7 10. Qc2 O-O 11. Be2 {Buchende} Re8 12. O-O {Buchbewertung Novag Star Diamond: +0,42 / lt. Stockfish steht Schwarz knapp besser mit ca. +0,30} Bf8 $1 13. Bg5 h6 14. Bh4 $2 {ein schlechter Zug, danach steht Schwarz klar besser, Stockfish -1,00, deutlich besser ist Lxf6 mit Ausgleich} g5 15. Nxg5 $2 {ein immer wieder kehrender Fehler von Star Diamond, dass er leichtfertig eine Figur für 2 Bauern gibt, auch in dieser Stellung bringt das gar nichts im Gegenteil, verschlimmert die Lage von Weiss, Stockfish -1,50, deutlich besser ist natürlich Lg3, fairerweise muss man dazusagen, rein Materiell macht es keinen Unterschied, denn nach Lg3, b4, Sd1, Sxe4 verliert Weiss auch einen Bauern und ist rein Materiell mit -1,00 im Nachteil, genau wie beim Textzug} hxg5 16. Bxg5 Bg7 17. Rad1 $2 {ein schlechter Zug, danach ist die Partie bereits verloren, Stockfish -2,00, deutlich mehr Widerstand leistet Tae1, mit ca. -1,40} Nbd7 {besser ist c4, aber auch nach dem Textzug bleibt Schwarz klar im Vorteil, Stockfish +1,70} 18. Rfe1 $2 {ein schlechter Zug, deutlich zu bevorzugen ist Td3, Stockfish -2,30} Bb7 $2 {ein schlechter Zug, der ca. 0,7 Bauerneinheiten einbüsst, Stockfish +1,60, deutlich besser ist c4} 19. Bg4 Qb6 $4 {ein ganz schlechter Zug, der den Grossteil des Vorteiles verschenkt, Stockfish +0,50, nötig war immer noch c4} 20. Bf5 {besser ist Lxd7, Stockfish -0,70} Ne5 21. Kh1 $2 {ein Verlustzug, Stockfish -2,80, nötig war entwedern Dd2 oder Se2 beides mit ca. -0,70 und Weiss hat noch Chancen} ({Light 5.1-avx2:} 21. Ne2 c4 22. Ng3 Nd3 23. Rxd3 cxd3 24. Qxd3 Qa5 25. Bd2 b4 26. Qf3 Bxd5 27. Nh5 Nxh5 28. Qxh5 Kf8 29. Bh6 Bxa2 30. Ra1 Qe5 31. Rxa2 a5 32. g3 a4 33. Bxg7+ Qxg7 34. Bd7 Rxe4 35. Qd5 Re1+ 36. Kg2 Rd8 37. Qxd6+ Re7 38. Rxa4 Qh7 39. Bf5 Rxd6 40. Bxh7 Kg7 41. Bb1 Rb7 42. h4 Rd2 43. Be4 Rb6 44. b3 Rb2 45. Bd5 Rf6 46. g4 Rbxf2+ 47. Kg3 Rd2 48. Bc4 Rc2 49. h5 Rc3+ 50. Kh4 {[%eval -67,34] [%wdl 0,844,156]}) 21... Bc8 $2 {ein Katastrophenzug, der auf einen Schlag den gesamten Vorteil verschenkt, danach ist die Stellung im Lot, Stockfish 0,00, gewonnen hätte c4} 22. Bxc8 $2 {ein ganz schlechter Zug, danach ist Schwarz wieder klar im Vorteil, Stockfsih -1,50, Ausgleich hätte f4 gesichert} Raxc8 23. f4 $2 {hier kann man nur sagen, warum nicht gleich, jetzt bringt das gar nichts mehr ausser den forcierten Verlust, Stockfish -2,90, deutlich besser ist Lxf6 mit ca. -1,50} Ng6 $4 {ein grottenschlechter Zug, der sogar schon die Stellung auf den Kopf stellt, danach ist Weiss bereits leicht im Vorteil, Stockfish -0,50, gewonnen hätte entweder Sed7 oder Sh7} 24. Bxf6 $1 {richtig} Bxf6 25. Ne2 $4 {ein Verlustzug, Stockfish -2,30, nötig war e5 mit leichtem Vorteil für Weiss mit ca. +0,50} c4 $1 {richtig} 26. Rf1 b4 27. Ng3 b3 28. axb3 cxb3 29. Qe2 Rc2 30. Qh5 $2 {spätestens danach ist alles aus, Stockfish -4,00, deutlich mehr Widerstand leistet noch Dg4, verliert aber auch schon mit ca. -2,50} Rxb2 $1 {richtig, Novag Star Diamond wollte hier seinen Gegner auf das Glatteis führen und schlug Lxb2 ??? vor, danach wäre Weiss mit der Fortsetzung f5 !! bereits klar im Vorteil gewesen mit ca. +1,50, ab hier kann man sich dann jeden weiteren Kommentar schenken, es sei denn Lyon 68020 macht noch einen Megabock, aber hier ist alles erledigt} 31. Qh6 Bg7 32. Qg5 Rf2 33. f5 Rxf1+ 34. Rxf1 b2 35. Rb1 Qd8 36. Qxd8 Rxd8 {Rest geschenkt} 0-1

[Event "Turnier 40 / 120"]
[Site "Wien"]
[Date "2023.10.03"]
[Round "48"]
[White "Mephisto Lyon 68020"]
[Black "Novag Star Diamond"]
[Result "1/2-1/2"]
[WhiteElo "2172"]
[BlackElo "2161"]
[Annotator "Christian"]
[PlyCount "105"]
[EventDate "2023.??.??"]

{[%evp 0,105,27,-5,21,18,11,11,13,-16,6,14,17,-14,0,-11,-14,9,12,7,-14,-14,-1,4,16,0,16,0,12,20,15,29,26,35,53,47,43,16,22,10,25,25,41,41,43,45,58,49,67,75,75,67,69,65,92,97,110,117,132,132,150,142,171,144,142,142,143,135,151,141,140,136,139,142,133,152,171,171,160,145,178,169,224,248,260,127,188,165,122,116,114,110,88,90,47,0,0,0,0,0,0,0,0,0,0,0,0,0]} 1. c4 c5 {Runde 48: Englisch Symmetrisch / Eine lange Zeit sehr gute Partie beider Geräte, die praktisch fehlerfrei verläuft, doch dann schenkt Star Diamond diese Partie ab meiner Meinung nach durch einen klaren Programmfehler (siehe Detailbeschreibung im Spielbericht), nach 26. c4 ?? sollte Lyon 68020 diese Partie klar gewinnen. Lyon 68020 spielt lange Zeit zwar nicht perfekt aber gut genug weiter umd das sicher nach Hause zu bringen, glaubt man, im Endspiel unterläuft ihm dann aber mit 42. Kf4 ??? ein wahrer Megabock, der auf einen Schlag den gesamten Vorteil von 10 Bauerneinheiten !!! verschenkt, danach ist die Partie Remis. Lyon 68020 vergibt hier die Riesenchance das Gesamtmatch auszugleichen, was für ein bitteres Remis, unfassbar. Stand: 24,5 : 23,5 ---> für Novag Star Diamond (51,04 %)} 2. Nc3 Nc6 3. Nf3 Nf6 4. d4 cxd4 5. Nxd4 e6 6. Bf4 d5 7. Ndb5 e5 8. cxd5 exf4 9. dxc6 bxc6 10. Qxd8+ Kxd8 11. Rd1+ {Buchende} Bd7 12. Nd6 {Buchbewertung Mephisto Lyon 68020: +0,30} Bxd6 13. Rxd6 Rb8 {Buchende} 14. b3 Rb4 {Buchbewertung Novag Star Diamond: -0,46 / lt. Stockfish ist die Stellung etwa gleich} 15. g3 Ke7 16. Rd2 fxg3 17. hxg3 c5 18. e3 Bc6 19. Rh2 Rbb8 20. Bc4 Rhd8 21. Rxd8 Rxd8 22. Ke2 Bd7 23. e4 Bg4+ {das bringt gar nichts besser ist Le6, Stockfish -0,50} 24. f3 Be6 25. Bxe6 Kxe6 26. Na4 c4 $2 {[%mdl 2] ein idiotischer Zug, Star Diamond verwirft im letzten Augenblick den richtigen Zug Tc8 wegen einer Bewertungsdifferenz von +0,04, er bewertet Tc8 mit -0,88 und im letzten Moment den Textzug mit -0,84, schenkt einfach den Bauern für nichts her, danach ist die Partie praktisch schon verloren, Stockfish -2,00, nach Tc8 wäre Weiss nur minimal im Vorteil gewesen mit ca. +0,30, hier handelt es sich meiner Meinung nach um einen klaren Programmfehler, Star Diamond rechnet NICHT damit dass der Bauer genommen wird sondern erwartet Sc5+ ??, danach wäre die Stellung natürlich im Lot, aber da hustet ihm Lyon 68020 natürlich was und nimmt in der Folge einfach den Bauern} 27. bxc4 Rc8 28. Kd3 Rd8+ 29. Ke3 Kd6 $2 30. Rd2+ Ke7 31. Rxd8 Kxd8 32. e5 Ne8 33. Kd4 f6 $2 34. f4 $2 fxe5+ 35. fxe5 Nc7 36. Nc5 Ke7 37. Ke4 a5 38. a3 h5 39. Nb3 g5 40. Nxa5 h4 41. gxh4 gxh4 {Stockfish -10,00, da ist nichts mehr zu retten für Schwarz, glaubt man !!} 42. Kf4 $2 {[%mdl 32768] ein absoluter Horrorzug, der auf einen Schlag die gesamten 10 Bauerneinheiten !! verschenkt, danach ist die Partie bereits Remis, Stockfish 0,00 !!, sofort gewonnen hätte Sc6+} ({Stockfish dev-20230922-70ba9de8:} 42. Nc6+ Kf7 43. Nd4 h3 44. Kf3 h2 45. Kg2 Ne6 46. Nxe6 Kxe6 47. a4 Kxe5 48. Kxh2 Kd6 49. a5 Kc7 50. Kg3 Kc6 51. Kf4 Kc7 52. c5 Kb7 53. Ke5 Kb8 54. c6 Ka7 55. Kf4 Ka6 56. Kf3 Ka7 57. Kg3 Ka6 58. Kf4 Kxa5 59. c7 {[%eval 834,36] [%wdl 1000,0,0]}) 42... h3 43. Kg3 Ke6 44. Nc6 Na8 45. Kxh3 Nb6 46. c5 Nc4 47. a4 {Lyon 68020: +1,81 glaubt noch an einen Sieg} Kd5 {Novag Star Diamond erkennt bereits das Remis: Bewertung: 0,00} 48. Kg4 {Lyon 68020: +1,39} Kxc6 49. e6 {Lyon 68020: +1,87} Kxc5 {Star Diamond: 0,00} 50. e7 {Lyon 68020: +1,66} Nd6 51. a5 {Lyon 68020: +1,12} Kb5 52. Kf4 {Lyon 68020: +1,30} Kxa5 53. Ke5 {jetzt sieht es Lyon 68020 ein: Bewertung 0,00 / Userentscheid: Remis / was für ein bitteres Remis für Lyon 68020} 1/2-1/2